000 00677nam a2200277Ia 4500
005 20260324132459.0
008 008 260324s9999 xx 000 0 eng d
020 _a9781410610003
037 _aEBOOK
040 _aCRL
040 _beng
040 _cCRL
041 _2eng
041 _aeng
084 _qCRL
100 _aLynn R. Kahle; Chris Riley
_91189443
245 0 _aSports Marketing and the Psychology of Marketing Communication
260 _bTaylor and Francis
260 _c2004
365 _a
365 _b230
856 _uhttp://www.taylorfrancis.com/books/9781410610003
942 _cEBOOK
999 _c1787596
_d1787596